| 000 | 00503nam a2200169 i 4500 | ||
|---|---|---|---|
| 001 | bg | ||
| 100 | 1 | _aSZLEZYNGIER, Włodzimierz | |
| 245 | 0 |
_aMetody badań tworzyw polimerowych / _cWłodzimierz Szlezyngier. |
|
| 260 |
_aRzeszów : _bPolitechnika Rzeszowska, _c1992. |
||
| 300 |
_a279 s. : _bfot., rys., wykr. ; _c24 cm. |
||
| 504 | _aBibliogr. i wykaz norm s. 273-279. | ||
| 040 | _cBPK | ||
| 041 | _apol | ||
| 080 | _a678.7:620.1](075.8) | ||
| 942 | _cKS | ||
| 008 | s pl f |000 0 pol | ||
| 999 |
_c6416 _d6416 |
||
| 856 |
_uhttp://koha.tu.koszalin.pl/cgi-bin/koha/opac-detail.pl?biblionumber=6416 _yKatalog online BPK |
||